000 00603nam a2200205Ia 4500
001 4235
003 GE_BSU
008 181216s||||||||xx |||||||||||||| ||und||
020 _a5247007867
040 _cGE_BSU
080 _a665.66
100 _aКоваленко,В.П. Турчанинов, В.Е.
245 _aОчистка нефтепродуктов от загрязнения.
260 _aМ.
260 _bНедра.
260 _c1990.
300 _a160 стр. с илл. 20 см.
653 _aОчистка нефтепродуктов от загрязнения.
942 _cBK
999 _c38245
_d38245